000 01707nam0a2200397 4500
001 RU\NLR\bibl\2077206
005 20250708191015.0
010 _a5-85880-537-X
_94000
035 _a(NLR Aleph) 002071681
090 _a4762169
_c4762169
100 _a20131001d1997 |||y0rusy50 ca
101 1 _arus
_cund
102 _aRU
105 _ac |||||||||
200 1 _aМузыканты в зеркале медицины
_fА. Ноймайр
_g[пер. Е.С. Самойловича]
210 _aРостов-на-Дону
_cФеникс
_aМосква
_cЗевс
_d1997
215 _a443, [2] с.
_cпортр.
_d21
225 1 _aСлед в истории
320 _aБиблиогр.: с. 435-444
327 1 _aСодерж.: Фредерик Шопен, Бедржих Сметана, Петр Ильич Чайковский, Густав Малер
600 1 _aШопен
_bФ.
_f1810 - 1849
_gФридерик
_9999099
_3RU\NLR\auth\66378603
600 1 _aСметана
_bБ.
_f1824 - 1884
_gБедржих
_91669593
_3RU\NLR\auth\66740355
600 1 _aЧайковский
_bП. И.
_f1840 - 1893
_gПетр Ильич
_9988650
_3RU\NLR\auth\66373114
600 1 _aМалер
_bГ.
_f1860 - 1911
_gГустав
_91595537
_3RU\NLR\auth\66701718
686 _aР.я9
686 _aЩ313(4П)51-81Шопен
686 _aЩ313(4Че)151-81Сметана
686 _aЩ313(2Р=Рус)51-81Чайковский
686 _aЩ313(4А)53-81Малер
700 1 _4070
_7ca
_8rus
_aНоймайр
_bА.
_f1920-2017
_gАнтон
_9188669
_3RU\NLR\AUTH\770188720
801 0 _aRU
_bNLR
_c20131001
_gRCR
801 1 _aRU
_bNLR
_c20131001
942 _cBOOK
980 _aNB